Andrews' diseases of the skin : (Record no. 118328)
[ view plain ]
| 000 -LEADER | |
|---|---|
| fixed length control field | 01034cam a2200313 a 4500 |
| 008 - FIXED-LENGTH DATA ELEMENTS--GENERAL INFORMATION | |
| fixed length control field | |
| 020 ## - INTERNATIONAL STANDARD BOOK NUMBER | |
| International Standard Book Number | 0721624243 (hbk.) |
| 049 ## - LOCAL HOLDINGS (OCLC) | |
| Holding library | MAIN |
| 090 ## - LOCALLY ASSIGNED LC-TYPE CALL NUMBER (OCLC); LOCAL CALL NUMBER (RLIN) | |
| Classification number (OCLC) (R) ; Classification number, CALL (RLIN) (NR) | RL71 |
| Local cutter number (OCLC) ; Book number/undivided call number, CALL (RLIN) | AND. |
| 003 - CONTROL NUMBER IDENTIFIER | |
| control field | |
| 005 - DATE AND TIME OF LATEST TRANSACTION | |
| control field | 20230120204151.0 |
| 040 ## - CATALOGING SOURCE | |
| Transcribing agency | NUST |
| 100 1# - MAIN ENTRY--PERSONAL NAME | |
| Personal name | Arnold, Harry L. |
| 245 10 - TITLE STATEMENT | |
| Title | Andrews' diseases of the skin : |
| Remainder of title | clinical dermatology/ |
| Statement of responsibility, etc. | Harry L Arnold ;Richard B Odom and William D James. |
| 250 ## - EDITION STATEMENT | |
| Edition statement | 8th ed. |
| 260 ## - PUBLICATION, DISTRIBUTION, ETC. | |
| Place of publication, distribution, etc. | Philadelphia : |
| Name of publisher, distributor, etc. | W.B Saunders, |
| Date of publication, distribution, etc. | 1990. |
| 300 ## - PHYSICAL DESCRIPTION | |
| Extent | ix, 1062 p. : |
| Other physical details | ill. ; |
| Dimensions | 29 cm. |
| 500 ## - GENERAL NOTE | |
| General note | Previous ed. cataloged under: Andrews, George Clinton. |
| 500 ## - GENERAL NOTE | |
| General note | Includes index. |
| 504 ## - BIBLIOGRAPHY, ETC. NOTE | |
| Bibliography, etc. note | Includes bibliographical references. |
| 650 #0 - SUBJECT ADDED ENTRY--TOPICAL TERM | |
| Topical term or geographic name entry element | Skin |
| General subdivision | Diseases. |
| 650 #2 - SUBJECT ADDED ENTRY--TOPICAL TERM | |
| Topical term or geographic name entry element | Skin Diseases. |
| 700 1# - ADDED ENTRY--PERSONAL NAME | |
| Personal name | Odom, Richard B. |
| 700 1# - ADDED ENTRY--PERSONAL NAME | |
| Personal name | James, William D. |
| Fuller form of name | (William Daniel). |
| 700 1# - ADDED ENTRY--PERSONAL NAME | |
| Personal name | Andrews, George Clinton, |
| Dates associated with a name | 1891- |
| Title of a work | Diseases of the skin. |
| 740 0# - ADDED ENTRY--UNCONTROLLED RELATED/ANALYTICAL TITLE | |
| Uncontrolled related/analytical title | Diseases of the skin. |
| 907 ## - LOCAL DATA ELEMENT G, LDG (RLIN) | |
| a | .b10356289 |
| b | 07-04-15 |
| c | 31-03-15 |
| 942 ## - ADDED ENTRY ELEMENTS (KOHA) | |
| Koha item type | Ordinary Loan Books |
| Call number prefix | RL71 |
| Call number suffix | AND. |
| Date last seen | Total Checkouts | Full call number | Barcode | Cost, replacement price | Price effective from | Koha item type | Lost status | Source of classification or shelving scheme | Damaged status | Not for loan | Collection | Withdrawn status | Home library | Current library | Shelving location | Date acquired | Cost, normal purchase price |
|---|---|---|---|---|---|---|---|---|---|---|---|---|---|---|---|---|---|
| 01/20/2023 | RL71 ARN | 92004040282 | 80.00 | 01/20/2023 | BOOKS | LCC | NFIC | MEDICAL | MEDICAL | GEN | 01/20/2023 | 80.00 |